Répondez par une capitale - Statistiques

Statistiques générales
  • Ce quiz a été pris 113 fois
    16 depuis la dernière actualisation
  • Le résultat moyen est 5 sur 30
Statistiques - réponses
Indice Capitale % Correct
Cigare Londres | La Havane
87%
Prénom de reine Sofia | Victoria
60%
Président américain Washington | Monrovia
60%
Cocktail à la bière Monaco
47%
JO d'été Paris | Athènes | Londres | Tokyo | Stockholm | Amsterdam | Berlin | Helsinki | Rome | Mexico | Moscou | Séoul | Pékin
47%
Ploie mais ne rompt pas Roseau
40%
JO d'hiver Sarajevo | Oslo | Pekin
40%
Course dans le désert Dakar
33%
Chapeau Panama
27%
Equipe cycliste Astana
20%
Sénat français Luxembourg
20%
Accords Oslo
20%
Sorte de voiture Berline
13%
Beignet Accra
7%
Etoffe Damas
7%
Haricot Lima
7%
Sandwich Paris
7%
Desserts ou encas Vienne
7%
Petit meuble Athénienne
0%
Café de cinéma Bagdad
0%
Mariage Bamako
0%
Forme de pain Bruxellois
0%
Jeu de carte Manille
0%
Organe de vision Moscou
0%
Individu quelconque Pékin
0%
Saison Prague
0%
Sorte de col Rabat
0%
Salade Rome
0%
Polissoir Tripoli
0%
T-shirt Tunis
0%
Aucun quiz correspondant
Distribution des résultats
% des personnes avec chaque résultat
Percentile par nombre de réponses
Votre historique - résultats
Vous n’avez pas pris ce quiz depuis la dernière actualisation